Noční plavba /

Hlavní autor: Higgins, Jack, 1929-2022
Další autoři: Novotná, Jolana
Jazyk: Čeština
Vydáno: Olomouc : Votobia, 1995
Témata:
Externí odkaz: Digitalizovaný dokument
Fyzický popis: 172 s. ; 21 cm
Knihy
Uloženo v:
LEADER 01239nam a2200337 a 4500
001 000035614
003 CZ BrMZK
005 20161109133836.0
007 ta
008 950313s1995 xr f cze d
015 |a cnb000108636 
020 |a 80-85885-93-X 
040 |a BOA001  |b cze 
041 1 |a cze  |h eng 
072 7 |a 821.111-3  |x Anglická próza, anglicky psaná  |2 Konspekt  |9 25 
080 |a 821.111-31  |2 MRF 
080 |a (0:82-311.3)  |2 MRF 
100 1 |a Higgins, Jack,  |d 1929-2022  |7 jn20000602931  |4 aut 
245 1 0 |a Noční plavba /  |c Jack Higgins ; [z angličtiny přeložila Jolana Novotná]. 
260 |a Olomouc :  |b Votobia,  |c 1995 
300 |a 172 s. ;  |c 21 cm 
500 |a Dostupné též v digitální podobě v aplikaci Kramerius 
655 7 |a anglické romány  |7 fd131814  |2 czenas 
655 7 |a dobrodružné romány  |7 fd132061  |2 czenas 
700 1 |a Novotná, Jolana  |7 mzk2009517535  |4 trl 
765 0 |t Passage by night 
856 4 1 |u http://www.digitalniknihovna.cz/mzk/uuid/uuid:59963b10-a70d-11e6-b707-005056827e51  |y Digitalizovaný dokument  |x NDK 
910 |a BOA001  |b 2-1014.217 
990 |a BK 
991 |f B-HIG 
996 6 |b 2610028147  |c 2-1014.217  |l MZK  |r Sklad / do 1 hodiny  |n 20  |p p.v.  |w 000035614  |u 000010  |a 1  |e BOA001  |j MZK50  |s P